00888nam a2200145Ia 4500008004100000020002200041050002100063100003300084245017300117260003900290300001800329505032500347650003500672650003500707120626s2002 mx 000 0 spa d a978-970-686-245-7 aLB2369b J9 2002 aJurado Rojas, Yolandaeautor aAPA, MLA, ML Técnicas de investigación documentalb: Manual para la elaboración de tesis, monografías, ensayos e informes académicos c/ Yolanda, Jurado Rojas aMéxicob: Cengage Learningc2002 a236 páginas aAspectos metodológicos Sistemas de información Seleción de tema Técnicas de investigación documental Redacción de un informe académico Modelo editorial de la asociación americana de psicología Modelo editorial de la asociación de lenguas modernas (MLA) Modelo editorial latino (ML)  0aTESISvMETODOLOGÍAxMANUALES 0aINVESTIGACIÓNxMETODOLOGÍA